000 00254nam a2200109Ia 4500
005 20251222141808.0
008 251222s9999||||xx |||||||||||||| ||spa||
082 _a920/B38
100 _a"Baviera, Pilar de, Princesa"
245 0 _aAlfonso XIII
942 _cLIB
999 _c6379
_d6379